Countries Not Impacted by Terrorism - Statistics

General Stats
  • This quiz has been taken 68 times
  • The average score is 8 of 26
Answer Stats
Continent Country % Correct
South America Bolivia
60%
North America Cuba
49%
North America Costa Rica
40%
Africa Eswatini
37%
Europe Lithuania
37%
Africa Mauritius
35%
Asia North Korea
35%
Africa Gambia
32%
Europe Portugal
32%
Asia Singapore
32%
Asia Mongolia
30%
Europe Belarus
29%
North America El Salvador
29%
Africa Togo
29%
Africa Benin
27%
Africa Namibia
27%
Africa Botswana
25%
Asia East Timor
25%
Europe Slovenia
25%
Africa Guinea-Bissau
22%
Africa Equatorial Guinea
21%
Asia Oman
21%
Europe Romania
21%
Africa Eritrea
19%
Asia Turkmenistan
17%
Africa Mauritania
16%
No matching quizzes found
Score Distribution
Percent of People with Each Score
Percentile by Number Answered
Your Score History
You have not taken this quiz